000
00320nam a22001457a 4500
008
230613b ||||| |||| 00| 0 eng d
020
_a
9780135198001
041
_a
eng
080
_2
6TH EDITION
_a
159.9
082
_a
159.9WHI
100
_a
25
101
_a
PSI
245
_a
PSYCHOLOGY
_c
WHITE .N.J
942
_2
udc
_c
BK
999
_c
59954
_d
59954